[Event "Russia Cup w"]
[Site "St Petersburg RUS"]
[Date "2009.11.08"]
[Round "3.2"]
[White "Stepovaia Dianchenko,T"]
[Black "Romanko,M"]
[Result "1-0"]
[WhiteElo "2384"]
[BlackElo "2449"]

1.e4 c5 2.Nf3 d6 3.d4 cxd4 4.Nxd4 Nf6 5.Nc3 a6 6.Be3 e5 7.Nf3 Be7 8.Bc4 Be6
9.Bb3 O-O 10.O-O h6 11.Qe2 Qc7 12.Rfd1 Nbd7 13.Nh4 Rfe8 14.Nf5 Bxf5 15.exf5 Rac8
16.Rd2 Nb6 17.Bxb6 Qxb6 18.Rad1 Bf8 19.Ne4 Nxe4 20.Qxe4 Qc7 21.f6 gxf6 22.Qg6+ Bg7
23.Rxd6 Kf8 24.Qh5 Re7 25.h3 Rce8 26.Qg4 e4 27.Rd7 Qb8 28.Qh5 Qe5 29.Qxf7+ Rxf7
30.Rxf7+ Kg8 31.Re7+ Kh7 32.Rxe5 Rxe5 33.Rd7 Rb5 34.Bd5 f5 35.b3 b6 36.g4 fxg4
37.Bxe4+ Kg8 38.Bd5+ Kh7 39.hxg4 Rb4 40.c4 Kg6 41.Be4+ Kf6 42.f4 Bf8 43.Bd5 Bc5+
44.Kg2 b5 45.Rf7+ Kg6 46.Rc7 Bf8 47.Rc6+ Kg7 48.Rxa6  1-0

[Event "FSIM November"]
[Site "Budapest HUN"]
[Date "2009.11.09"]
[Round "3"]
[White "Szalanczy,E"]
[Black "Erdelyi,Z"]
[Result "1/2-1/2"]
[WhiteElo "2295"]
[BlackElo "2362"]

1.e4 c5 2.Nf3 d6 3.d4 cxd4 4.Nxd4 Nf6 5.Nc3 a6 6.Be3 e5 7.Nb3 Be7 8.Qd2 Be6
9.f3 O-O 10.O-O-O Nbd7 11.g4 b5 12.g5 b4 13.Na4 Nh5 14.Kb1 Qc7 15.Qxb4 Rfc8
16.Bd3 Nc5 17.Nbxc5 dxc5 18.Qb6 c4 19.Be2 Rab8 20.Qxc7 Rxc7 21.Ka1 Rcb7 22.Rb1 Nf4
23.Bxf4 exf4 24.h4 Bd6 25.c3 Rb5 26.Rhd1 Be5 27.Rd2 Kf8 28.Bd1 Ke7 29.Bc2 R8b7
30.Rbd1 Rxb2 31.Nxb2 Bxc3 32.Ba4 Bxd2 33.Rxd2 c3 34.Rc2 Rxb2 35.Rxb2 cxb2+
36.Kxb2 Bc4 37.Bd1 Kd6 38.a3 Kc5 39.Kc3 f6 40.gxf6 gxf6 41.Bc2 h6 42.Bd3 Bb5
43.Bxb5 axb5 44.h5 Kc6 45.Kd4 Kd6 46.Kd3 Kc5 47.Kc3 Kc6 48.Kd4 Kd6  1/2-1/2

[Event "Waling Dijkstra GpA"]
[Site "Leeuwarden NED"]
[Date "2009.11.14"]
[Round "2"]
[White "Nicolai,Am"]
[Black "Ootes,Le"]
[Result "0-1"]
[WhiteElo "1847"]
[BlackElo "2128"]

1.e4 c5 2.Nf3 d6 3.d4 cxd4 4.Nxd4 Nf6 5.Nc3 a6 6.Be3 e6 7.f3 b5 8.g4 b4 9.Nce2 Bb7
10.h4 Qc7 11.g5 Nfd7 12.Bh3 d5 13.f4 dxe4 14.Bxe6 fxe6 15.Nxe6 Qa5 16.N2d4 Nc6
17.Nb3 Qf5 18.Nc7+ Kf7 19.Nxa8 Bxa8 20.Qe2 a5 21.O-O-O Be7 22.Qc4+ Ke8 23.Qa6 Kf7
24.Qc4+ Ke8 25.Rd5 Qg4 26.Rhd1 Ncb8 27.Rxa5 Bc6 28.Nd4 Nb6 29.Qe6 Qxe6 30.Nxe6 Nc4
31.Rf5 Bd7 32.Nxg7+ Kd8 33.Rb5 Kc7 34.Rxd7+ Nxd7 35.Bd4  0-1

[Event "FSIM November"]
[Site "Budapest HUN"]
[Date "2009.11.16"]
[Round "10"]
[White "Turzo,A"]
[Black "Farago,S"]
[Result "1/2-1/2"]
[WhiteElo "2276"]
[BlackElo "2249"]

1.e4 c5 2.Nf3 d6 3.d4 cxd4 4.Nxd4 Nf6 5.Nc3 a6 6.Be3 e5 7.Nf3 Qc7 8.a4 b6
9.Bd3 Bb7 10.O-O Nbd7 11.Re1 Be7  1/2-1/2

[Event "TCh-NED 2009-10"]
[Site "Netherlands NED"]
[Date "2009.11.21"]
[Round "3"]
[White "Van Kampen,R"]
[Black "Kleijn,C"]
[Result "1/2-1/2"]
[WhiteElo "2447"]
[BlackElo "2386"]

1.e4 c5 2.Nf3 d6 3.d4 cxd4 4.Nxd4 Nf6 5.Nc3 a6 6.Be3 e5 7.Nf3 Qc7 8.a4 b6
9.Nd5 Nxd5 10.Qxd5 Bb7 11.Qb3 Bxe4 12.Bc4 Qb7 13.O-O-O b5 14.Bxf7+ Qxf7 15.Qxf7+ Kxf7
16.Ng5+ Ke7 17.Nxe4 Ke6 18.f4 Be7 19.g4 Rd8 20.fxe5 d5 21.Ng3 Nc6 22.Nf5 Bf8
23.axb5 axb5 24.Nd4+ Nxd4 25.Bxd4 Be7 26.Kd2 Rf8 27.Rhf1 Rxf1 28.Rxf1 h5
29.gxh5 Rh8 30.Rg1 Rxh5 31.Rg2 b4 32.Kc1 Bg5+ 33.Kb1 Bf4 34.Rxg7 Rxh2 35.Rb7 Bxe5
36.Bxe5 Kxe5 37.Rxb4 d4 38.Rc4 Kd5 39.Rc8 Rh7 40.b3 Rh6 41.Kb2 Rh7 42.b4 Rh3
43.Rc5+ Kd6 44.Ra5 Rc3 45.Ra8 Rc4 46.Rd8+ Kc7 47.Rd5 Rxb4+ 48.Kc1 Kc6  1/2-1/2

[Event "Vasylyshyn Mem"]
[Site "Lviv UKR"]
[Date "2009.11.25"]
[Round "1"]
[White "Erdogdu,M"]
[Black "Grekh,A"]
[Result "1-0"]
[WhiteElo "2489"]
[BlackElo "2352"]

1.e4 c5 2.Nf3 d6 3.d4 cxd4 4.Nxd4 Nf6 5.Nc3 a6 6.Be3 e6 7.f3 Be7 8.Qd2 O-O
9.O-O-O Nc6 10.g4 Nxd4 11.Bxd4 Nd7 12.Kb1 b5 13.h4 b4 14.Na4 a5 15.g5 Qc7
16.Rg1 Nc5 17.Nxc5 dxc5 18.Bf6 Bb7 19.Bxe7 Qxe7 20.Bc4 Rfd8 21.Qe3 Rxd1+
22.Rxd1 Rd8 23.Rxd8+ Qxd8 24.a3 Qd1+ 25.Ka2 bxa3 26.Kxa3 g6 27.Qd3 Qa1+ 28.Ba2 Qe1
29.c3 Qg3 30.Qd8+ Kg7 31.Qf6+ Kg8 32.Bxe6 fxe6 33.Qd8+ Kf7 34.Qd7+ Kg8 35.Qxb7 Qxf3
36.Qc8+ Kf7 37.Qd7+ Kf8 38.Qxe6 Qh1 39.Qc8+ Kf7 40.Qd7+ Kg8 41.Qe8+ Kg7 42.Qe5+ Kg8
43.Qd5+ Kg7 44.Qxc5 Qa1+ 45.Kb3 Qd1+ 46.Kc4 Qe2+ 47.Kd5 Qxb2 48.Qxa5 Qb7+
49.Kd4 Qd7+ 50.Qd5 Qg4 51.Qe5+ Kg8 52.c4 Qxh4 53.Qe6+ Kg7 54.Qf6+ Kg8 55.c5 Qe1
56.c6 Qd2+ 57.Kc5 Qe3+ 58.Qd4 Qa3+ 59.Kb5  1-0

[Event "ch-RSA"]
[Site "Cape Town RSA"]
[Date "2009.12.03"]
[Round "8"]
[White "Cawdery,D"]
[Black "De Villiers,C"]
[Result "1/2-1/2"]
[WhiteElo "2281"]
[BlackElo "2274"]

1.e4 c5 2.Nf3 d6 3.d4 cxd4 4.Nxd4 Nf6 5.Nc3 a6 6.Be3 e6 7.f3 h5 8.Qd2 b5
9.O-O-O Bb7 10.Nb3 Nbd7 11.Qf2 Rc8 12.Bd3 Be7 13.Kb1 Qc7 14.h3 h4 15.g4 hxg3
16.Qxg3 b4 17.Ne2 Ne5 18.Ned4 d5 19.Rhg1 dxe4 20.fxe4 Nxd3 21.cxd3 Qxg3 22.Rxg3 g6
23.Rc1 Rxc1+ 24.Kxc1 Rh5 25.Ne2 Nd7 26.Nf4 Rh4 27.Na5 Ba8 28.Nc4 Bc6 29.b3 Bb5
30.Ng2 Rh5 31.Kc2 Kf8 32.Bf4 Rc5 33.Kb1 Rc6 34.Nge3 Kg7 35.Nc2 Bxc4 36.bxc4 e5
37.Bd2 a5 38.Ne3 Bc5 39.Nd5 Bd4 40.Rf3 Nc5 41.Bg5 Nd7  1/2-1/2

[Event "Open"]
[Site "Figueira da Foz POR"]
[Date "2009.12.04"]
[Round "7"]
[White "Sousa,Joa"]
[Black "Rodrigues,LM"]
[Result "1-0"]
[WhiteElo "1852"]
[BlackElo "1875"]

1.e4 c5 2.Nf3 d6 3.d4 cxd4 4.Nxd4 Nf6 5.Nc3 a6 6.Be3 e5 7.Nb3 Be7 8.Be2 O-O
9.f3 Be6 10.Qd2 d5 11.exd5 Nxd5 12.Nxd5 Qxd5 13.Qxd5 Bxd5 14.O-O-O Be6 15.Nc5 Bxc5
16.Bxc5 Re8 17.b3 Nd7 18.Bf2 b5 19.Rd6 f5 20.Rhd1 Nf6 21.Rb6 e4 22.Bh4 exf3
23.Bxf3 Ne4 24.Kb2 Ra7 25.Rd4 Bc8 26.a4 bxa4 27.Rxa4 h6 28.Rc4 Rb7 29.Rxc8  1-0

[Event "New Years All-Ukrainian Open"]
[Site "Poltava UKR"]
[Date "2009.12.04"]
[Round "1"]
[White "Kononenko,Dmitry1"]
[Black "Romaniv,M"]
[Result "1-0"]
[WhiteElo "2566"]
[BlackElo "2005"]

1.e4 c5 2.Nf3 d6 3.d4 cxd4 4.Nxd4 Nf6 5.Nc3 a6 6.Be3 e5 7.Nb3 Be6 8.Qd2 Be7
9.O-O-O Nbd7 10.f4 Qc7 11.f5 Bc4 12.g4 h6 13.Kb1 b5 14.a3 Rb8 15.Qg2 a5 16.h4 b4
17.axb4 axb4 18.Nd5 Nxd5 19.exd5 Bxf1 20.Rdxf1 Nb6 21.Bxb6 Qxb6 22.g5 Kd7
23.f6 gxf6 24.gxf6 Bf8 25.h5 Ke8 26.Rh4 Qb5 27.Rg1 Rc8 28.Qe4 Qb6 29.Qe1 Qb5
30.Qd2 Qb6 31.Rgg4 Qd8 32.Qf2 Qd7 33.Qb6 Qf5 34.Qb5+ Kd8 35.Rc4 Rg8 36.Na5 Rg1+
37.Ka2 Ra8 38.Qb6+ Ke8 39.Qc6+  1-0

[Event "New Years All-Ukrainian Open"]
[Site "Poltava UKR"]
[Date "2009.12.05"]
[Round "2"]
[White "Zinchenko,Ya"]
[Black "Solovchuk,A"]
[Result "1-0"]
[WhiteElo "2526"]
[BlackElo "2294"]

1.e4 c5 2.Nf3 d6 3.d4 cxd4 4.Nxd4 Nf6 5.Nc3 a6 6.Be3 Ng4 7.Bg5 h6 8.Bh4 g5
9.Bg3 Bg7 10.h3 Ne5 11.Nf5 Bxf5 12.exf5 Nbc6 13.Nd5 Nd7 14.c3 Nf6 15.Bc4 Ne4
16.Bh2 Ne5 17.Bb3 O-O 18.O-O e6 19.Ne3 Nc5 20.Bc2 d5 21.Qh5 Ncd7 22.Rae1 Nf6
23.Qe2 Ned7 24.fxe6 fxe6 25.Bd6 Re8 26.Bg6 Qb6 27.Bxe8 Rxe8 28.Bh2 e5 29.Rd1 Qc6
30.Qf3 Nb6 31.Rfe1 Re6 32.Qf5 Nfd7 33.Qd3 Nc5 34.Qd2 Ne4 35.Qc2 Nc5 36.Nf5 Bh8
37.h4 e4 38.hxg5 hxg5 39.Qd2 Bf6 40.Nd4 Bxd4 41.cxd4 Nd3 42.Qxg5+ Kf7 43.Re2 Na4
44.Qf5+ Rf6 45.Qh7+ Ke6 46.Qg8+ Kd7 47.Be5 Rg6 48.Qf7+ Kd8 49.Rxd3 Qc1+ 50.Kh2  1-0

[Event "Tch-SLO League"]
[Site "Rogaska Slatina SLO"]
[Date "2009.12.12"]
[Round "2"]
[White "Muzychuk,A"]
[Black "Kovacevic,A"]
[Result "1/2-1/2"]
[WhiteElo "2532"]
[BlackElo "2558"]

1.e4 c5 2.Nf3 d6 3.d4 cxd4 4.Nxd4 Nf6 5.Nc3 a6 6.Be3 e5 7.Nde2 Be6 8.f4 Nbd7
9.f5 Bc4 10.Nc1 Rc8 11.Bxc4 Rxc4 12.Qd3 Qc8 13.Nb3 b5 14.O-O Be7 15.a4 b4
16.Nd2 Rc7 17.Na2 Qb7 18.c4 O-O 19.Nc1 Nc5 20.Bxc5 dxc5 21.Ncb3 Rd8 22.Qe2 Rcd7
23.Nf3 Rd3 24.Nc1 R3d7 25.Nb3 Rd3 26.Nc1 R3d7  1/2-1/2

[Event "Tch-SLO League"]
[Site "Rogaska Slatina SLO"]
[Date "2009.12.12"]
[Round "2"]
[White "Borisek,J"]
[Black "Vombek,D"]
[Result "1-0"]
[WhiteElo "2559"]
[BlackElo "2362"]

1.e4 c5 2.Nf3 d6 3.d4 cxd4 4.Nxd4 Nf6 5.Nc3 a6 6.Be3 e5 7.Nb3 Be7 8.Qd2 Be6
9.O-O-O O-O 10.f4 Ng4 11.g3 Nd7 12.Bg1 b5 13.Kb1 Qc7 14.f5 Bxb3 15.axb3 Ngf6
16.Qe2 Rfc8 17.g4 b4 18.Na4 Qb7 19.Re1 Rc6 20.g5 Ne8 21.Qg2 Rac8 22.Bd3 Bd8
23.h4 Nb6 24.Nxb6 Bxb6 25.Bxb6 Qxb6 26.Bc4 Rxc4 27.bxc4 Rxc4 28.Rh3 Nc7 29.g6 hxg6
30.fxg6 Ne6 31.gxf7+ Kxf7 32.Qf1+  1-0

[Event "Tch-SLO League"]
[Site "Rogaska Slatina SLO"]
[Date "2009.12.12"]
[Round "3"]
[White "Kryvoruchko,Y"]
[Black "Palac,M"]
[Result "1-0"]
[WhiteElo "2602"]
[BlackElo "2578"]

1.e4 c5 2.Nf3 d6 3.d4 cxd4 4.Nxd4 Nf6 5.Nc3 a6 6.Be3 Ng4 7.Bg5 h6 8.Bh4 g5
9.Bg3 Bg7 10.h3 Ne5 11.Qd2 Nbc6 12.O-O-O Nxd4 13.Qxd4 Be6 14.Nd5 Qa5 15.Kb1 Rc8
16.f4 gxf4 17.Bxf4 f5 18.Be2 Rf8 19.Bh5+ Bf7 20.Bxf7+ Rxf7 21.exf5 Nc4 22.f6 Rxf6
23.Bxh6 Bxh6 24.Nxf6+ exf6 25.Qxf6 Qe5 26.Rhe1 Be3 27.Rxd6 Qxf6 28.Rxf6 Kd7
29.c3 Bc5 30.Re2 Rg8 31.g4 Rh8 32.Rf3 Bd6 33.Kc2 Ne5 34.Rf5 Ke6 35.Rh5 Rxh5
36.gxh5 Bf8 37.Rg2 Nd7 38.Kd3 Nf6 39.Rg5 Bh6 40.Rg6 Bf8 41.h6 Kf7 42.h7 Bg7
43.Rh6 Bh8 44.Kc4 Kg7 45.Rh4 Nxh7 46.Kc5 Nf6 47.Kb6 Nd7+ 48.Kxb7 Nc5+ 49.Kb6 Nd3
50.b4 Kg8 51.Rxh8+ Kxh8 52.Kxa6  1-0

[Event "Commonwealth Open"]
[Site "Singapore SIN"]
[Date "2009.12.12"]
[Round "5"]
[White "Dole,A"]
[Black "Lee Kim Han,E"]
[Result "0-1"]
[WhiteElo "2068"]
[BlackElo "2114"]

1.e4 c5 2.Nf3 d6 3.d4 cxd4 4.Nxd4 Nf6 5.Nc3 a6 6.Be3 e5 7.Nb3 Be6 8.f3 Nbd7
9.Qd2 b5 10.O-O-O Rc8 11.g4 Nb6 12.g5 Nh5 13.Kb1 Be7 14.Qf2 Nc4 15.Bxc4 bxc4
16.Nc5 O-O 17.Rhg1 g6 18.a3 Nf4 19.Bxf4 exf4 20.Nxe6 fxe6 21.Qa7 Rc6 22.e5 d5
23.Ne4 Rb6 24.a4 Rf7 25.a5 Rxb2+ 26.Kc1 Ba3  0-1

[Event "Tch-SLO League"]
[Site "Rogaska Slatina SLO"]
[Date "2009.12.14"]
[Round "6"]
[White "Kryvoruchko,Y"]
[Black "Kovacevic,A"]
[Result "0-1"]
[WhiteElo "2602"]
[BlackElo "2558"]

1.e4 c5 2.Nf3 d6 3.d4 cxd4 4.Nxd4 Nf6 5.Nc3 a6 6.Be3 Nc6 7.f3 e6 8.Qd2 Be7
9.O-O-O O-O 10.g4 Nxd4 11.Qxd4 Nd7 12.h4 Ne5 13.Be2 b5 14.g5 Nc6 15.Qd2 Qa5
16.g6 b4 17.Nb1 Qxa2 18.Bg5 f6 19.gxh7+ Kh8 20.Bh6 Rf7 21.Rdg1 Bf8 22.Bxg7+ Bxg7
23.h5 f5 24.Rxg7 Rxg7 25.h6 Rg2 26.Qxd6 Bb7 27.Qc7 Re8 28.Qf7 Re7 29.Qf8+ Kxh7
30.exf5 Rg8 31.Qf6 e5 32.Qh4 Qf7 33.Bc4 Qxf5 34.Bxg8+ Kxg8 35.Nd2 Nd4 36.Ne4 Qf4+
37.Qxf4 exf4 38.Nf6+ Kh8 39.Rd1 Bxf3 40.Rf1 Re6 41.Nd7 Bg2  0-1

[Event "16th Open A"]
[Site "Zadar CRO"]
[Date "2009.12.14"]
[Round "2"]
[White "Brkic,A"]
[Black "Zufic,M"]
[Result "0-1"]
[WhiteElo "2560"]
[BlackElo "2453"]

1.e4 c5 2.Nf3 d6 3.d4 cxd4 4.Nxd4 Nf6 5.Nc3 a6 6.Be3 e5 7.Nf3 Be7 8.Bc4 O-O
9.O-O Nc6 10.Qe2 b5 11.Bb3 Na5 12.Rfd1 Qc7 13.Bg5 Be6 14.Bxf6 Bxf6 15.Nd5 Bxd5
16.Bxd5 Rab8 17.c3 Nc4 18.h4 g6 19.g3 Nb6 20.h5 Bg7 21.Kg2 Nxd5 22.Rxd5 Rb6
23.Rad1 Rc6 24.a3 Rb8 25.Qd3 Bf8 26.Nh2 Qc8 27.Qf3 Qe6 28.Ng4 Bg7 29.R5d3 a5
30.Ne3 Bh6 31.Nd5 Bg5 32.Qe2 Rc4 33.b3 Rc6 34.Rh1 a4 35.f4 exf4 36.gxf4 Bf6
37.hxg6 fxg6 38.f5 gxf5 39.Rh6 Qxe4+ 40.Qxe4 fxe4 41.Nxf6+ Kg7 42.Rdh3 axb3
43.Nxe4 b2 44.Rxh7+ Kg6 45.R3h6+ Kf5 46.Ng3+ Ke5 47.Rh5+ Ke6 48.R7h6+ Kd7
49.Rh7+ Ke6 50.R5h6+ Ke5 51.Re7+ Kd5 52.Rh5+ Kc4 53.Re4+ Kb3 54.Rh1 Rxc3
55.Ne2 Rg8+ 56.Kf2 Rf8+ 57.Kg2 Rc2 58.a4 d5 59.Re7 bxa4 60.Kg3 Ka2 61.Nd4 Rc1
62.Rh2 Rg1+  0-1

[Event "FSIM December"]
[Site "Budapest HUN"]
[Date "2009.12.15"]
[Round "11"]
[White "Szalanczy,E"]
[Black "Denisov,I"]
[Result "1-0"]
[WhiteElo "2295"]
[BlackElo "2241"]

1.e4 c5 2.Nf3 d6 3.d4 cxd4 4.Nxd4 Nf6 5.Nc3 a6 6.Be3 e5 7.Nde2 b5 8.Nd5 Nbd7
9.Nec3 Bb7 10.f3 Rc8 11.a4 Nxd5 12.Nxd5 Bxd5 13.Qxd5 bxa4 14.Bxa6 Rxc2 15.O-O Be7
16.Rfc1 Rxc1+ 17.Rxc1 Nc5 18.Bb5+ Kf8 19.Ra1 h6 20.Bc4 Qe8 21.Bxc5 dxc5 22.Rxa4  1-0

[Event "ch-VIE Women Masters"]
[Site "Ho Chi Minh City VIE"]
[Date "2009.12.15"]
[Round "8"]
[White "Nguyen Thi Tuong Van"]
[Black "Bui Kim Le"]
[Result "1/2-1/2"]
[WhiteElo "2246"]
[BlackElo "2177"]

1.e4 c5 2.Nf3 d6 3.d4 cxd4 4.Nxd4 Nf6 5.Nc3 a6 6.Be3 Ng4 7.Bc1 e5 8.Nb3 Qb6
9.Qf3 Be6 10.h3 Nf6 11.Be3 Qc7 12.Be2 Nc6 13.O-O Be7 14.Rad1 O-O  1/2-1/2

[Event "London Classic FIDE Open"]
[Site "London ENG"]
[Date "2009.12.15"]
[Round "9"]
[White "McDonald,N"]
[Black "Hennigan,M"]
[Result "1-0"]
[WhiteElo "2412"]
[BlackElo "2385"]

1.e4 c5 2.Nf3 d6 3.d4 cxd4 4.Nxd4 Nf6 5.Nc3 a6 6.Be3 e6 7.Be2 Be7 8.a4 O-O
9.O-O Qc7 10.f4 Nc6 11.Kh1 Bd7 12.Nb3 b6 13.Qe1 Nb4 14.Qf2 Rab8 15.Rac1 Bc6
16.Nd2 Qb7 17.Bf3 Nd7 18.Nc4 Nc5 19.Bxc5 bxc5 20.f5 exf5 21.Na5 Qd7 22.exf5 Bxf3
23.Qxf3 d5 24.Rcd1 Qc7 25.Nb3 d4 26.Ne4 Nxc2 27.f6 gxf6 28.Nbxc5 Ne3 29.Nxa6 Qe5
30.Nxb8 Rxb8 31.Rfe1 Nxd1 32.Nxf6+ Bxf6 33.Rxe5 Bxe5 34.Qxd1 Rxb2 35.g3 f6
36.a5 Kg7 37.a6 Ra2 38.Qb1 Ra5 39.Qb7+ Kh6 40.a7 Ra1+ 41.Kg2  1-0

[Event "16th Open A"]
[Site "Zadar CRO"]
[Date "2009.12.16"]
[Round "6"]
[White "Halvax,G"]
[Black "Matejovic,J"]
[Result "1/2-1/2"]
[WhiteElo "2294"]
[BlackElo "2239"]

1.e4 c5 2.Nf3 d6 3.d4 cxd4 4.Nxd4 Nf6 5.Nc3 a6 6.Be3 e6 7.g4 h6 8.Bg2 Qc7
9.h3 Nc6 10.Nce2 e5 11.Nf5 g6 12.Bxh6 Bxh6 13.Nxh6 Rxh6 14.g5 Rh4 15.gxf6 Be6
16.Qd2 Qd8 17.Rd1 Qxf6 18.Qxd6 Rd8 19.Qc5 Rc8 20.Qb6 Nd4 21.Nxd4 exd4 22.Rd2 Qg5
23.f3 d3 24.c3 Bxa2 25.Qxb7 Rd8 26.Qb6 Rh5 27.Bf1 Bb1 28.Rg1 Qf4 29.Rg4 Qh6
30.f4 a5 31.Qf6 Bc2 32.Bg2 Qh8 33.Qxh8+ Rxh8 34.Bf1 Rb8 35.Kf2 Rh5 36.e5 a4
37.Rg3 Rh4 38.Ke3 Rb3 39.Rf3 a3 40.bxa3 Rxc3 41.Bxd3 Ba4 42.Kd4 Rb3 43.Rdf2 Ke7
44.Be4 Rb6 45.Rc3 Bd7 46.Rff3 Ra6 47.Bd5 g5 48.Ke4 Ra4+ 49.Rc4 Ra5 50.Rc7 Ra4+
51.Rc4 Ra5 52.Rb4 Bxh3 53.Rf2 gxf4 54.Rb7+  1/2-1/2

[Event "Tata Steel TCh-Asia"]
[Site "Kolkata IND"]
[Date "2009.12.22"]
[Round "1"]
[White "Hapuarachchi,H"]
[Black "Adhiban,B"]
[Result "0-1"]
[WhiteElo "2019"]
[BlackElo "2486"]

1.e4 c5 2.Nc3 a6 3.Nf3 d6 4.d4 cxd4 5.Nxd4 Nf6 6.Be3 e5 7.Nb3 Be7 8.Be2 Be6
9.a4 O-O 10.O-O Nbd7 11.f4 exf4 12.Bxf4 Ne5 13.Kh1 Rc8 14.Qd4 Nc4 15.Nd2 Nxb2
16.Rab1 Nd7 17.Rxb2 Bf6 18.Qxd6 Bxc3 19.Rxb7 Nc5 20.Rb6 Nxa4 21.Rxa6 Nc5
22.Rc6 Bxd2 23.Qxc5 Rxc6 24.Qxc6 Bxf4 25.Rxf4 Qd2 26.Rf2 Qe1+ 27.Rf1 Qxe2
28.Ra1 Rc8 29.Qd6 h6 30.e5 Rxc2 31.Rg1 Qe4 32.Qb8+ Kh7 33.Qb1 Re2  0-1

[Event "Tata Steel TCh-Asia w"]
[Site "Kolkata IND"]
[Date "2009.12.22"]
[Round "1"]
[White "Sihite,Chelsie Monica"]
[Black "Nadig,K"]
[Result "0-1"]
[WhiteElo "1971"]
[BlackElo "2255"]

1.e4 c5 2.Nf3 d6 3.d4 cxd4 4.Nxd4 Nf6 5.Nc3 a6 6.Be3 e5 7.Nb3 Be6 8.f3 Be7
9.Qd2 O-O 10.O-O-O Nbd7 11.g4 b5 12.g5 b4 13.Ne2 Ne8 14.f4 a5 15.f5 a4 16.Nbd4 exd4
17.Nxd4 b3 18.a3 bxc2 19.Re1 Nc5 20.fxe6 fxe6 21.Bc4 d5 22.exd5 exd5 23.Ba2 Rc8
24.h4 Kh8 25.Qe2 Nd6 26.Bxd5 Nf5 27.Nxf5 Qxd5 28.Bxc5 Bxc5 29.Rhf1 Qa2 30.Qe5 Qb1+
31.Kd2 Rfd8+ 32.Ke2 Re8  0-1

[Event "26th Open"]
[Site "Travemuender GER"]
[Date "2009.12.27"]
[Round "1"]
[White "Mueller,Philipp2"]
[Black "Zakhartsov,Vi"]
[Result "0-1"]
[WhiteElo "1900"]
[BlackElo "2562"]

1.e4 c5 2.Nf3 d6 3.d4 cxd4 4.Nxd4 Nf6 5.Nc3 a6 6.Be3 e5 7.Nb3 Be6 8.a4 Nbd7
9.Be2 Rc8 10.O-O Be7 11.Nc1 Rxc3 12.bxc3 Nxe4 13.Qe1 Qc7 14.Na2 O-O 15.Bd3 Nec5
16.a5 Qxa5 17.Nb4 Qc7 18.c4 Nb6 19.Nd5 Nxd5 20.cxd5 Bxd5 21.f3 Bf6 22.Rd1 Be6
23.f4 Re8 24.Kh1 Qc6 25.fxe5 Nxd3 26.cxd3 dxe5 27.Rxf6 gxf6 28.Bh6 Kh8 29.Qh4 Bd5
30.Rc1 Bxg2+ 31.Kg1 Qf3 32.h3 Bxh3  0-1

[Event "Christamas Open Masters"]
[Site "Zurich SUI"]
[Date "2009.12.27"]
[Round "2"]
[White "Glauser,H"]
[Black "Schaerer,J"]
[Result "0-1"]
[WhiteElo "2184"]
[BlackElo "1993"]

1.e4 c5 2.Nf3 d6 3.d4 cxd4 4.Nxd4 Nf6 5.Nc3 a6 6.Be3 e6 7.f3 b5 8.Qd2 Nbd7
9.g4 h6 10.O-O-O Bb7 11.h4 b4 12.Na4 Qa5 13.b3 Nc5 14.a3 Nxa4 15.bxa4 Qc7
16.axb4 d5 17.e5 Nd7 18.f4 Nb6 19.f5 Nxa4 20.fxe6 Nc3 21.exf7+ Kxf7 22.Bf4 Bxb4  0-1

[Event "26th Open"]
[Site "Boeblingen GER"]
[Date "2009.12.28"]
[Round "4"]
[White "Heinz,A"]
[Black "Tiemann,C"]
[Result "1-0"]
[WhiteElo "2436"]
[BlackElo "2262"]

1.e4 c5 2.Nf3 d6 3.d4 cxd4 4.Nxd4 Nf6 5.Nc3 a6 6.Be3 e6 7.g4 e5 8.Nf5 h5
9.Bg5 hxg4 10.Nd5 Nbd7 11.Qe2 Nb6 12.Nde3 g6 13.Nxg4 Nbd7 14.Nfh6 Bxh6 15.Nxh6 Nc5
16.O-O-O Ncxe4 17.h4 Nxg5 18.hxg5 Nh5 19.Rxh5 gxh5 20.Qxh5 Be6 21.Bh3 Bxh3
22.Qxf7+  1-0

[Event "XIX Magistral"]
[Site "Pamplona ESP"]
[Date "2009.12.28"]
[Round "8"]
[White "Huerga Leache,M"]
[Black "Alsina Leal,D"]
[Result "1/2-1/2"]
[WhiteElo "2435"]
[BlackElo "2523"]

1.e4 c5 2.Nf3 d6 3.d4 cxd4 4.Nxd4 Nf6 5.Nc3 a6 6.Be3 e5 7.Nf3 Be7 8.Bc4 O-O
9.O-O Nc6 10.Bb3 h6 11.Qd3 Na5 12.Nd5 Nxb3 13.Nxf6+ Bxf6 14.axb3 Be6 15.Rfd1 Qc7
16.Bd2 Rfd8 17.c4 Qc6 18.Bb4 Be7 19.Qe3 Rd7 20.Rd2 b5 21.c5 a5 22.cxd6 axb4
23.Rxa8+ Qxa8 24.dxe7 Qa1+ 25.Qe1 Qxe1+ 26.Nxe1 Rxe7 27.Nc2 Rc7 28.f3 Bxb3
29.Nxb4 Rc1+ 30.Kf2 Bc4 31.Kg3 f6 32.Nd5 Kf7 33.Ne3 Be6 34.h4 g6 35.Rc2 Rb1
36.Ng4 Bxg4 37.Kxg4 h5+ 38.Kg3 b4 39.Kf2 b3 40.Rd2 f5 41.g4 hxg4 42.fxg4 f4
43.h5 gxh5 44.gxh5 Kg7 45.Kf3 Kh6 46.Kg4 Rg1+ 47.Kh4 Rh1+ 48.Kg4 Rg1+ 49.Kh4 f3
50.Rf2 Re1 51.Rxf3 Rxe4+ 52.Kg3 Kxh5  1/2-1/2

[Event "59th ch-RUS w"]
[Site "Moscow RUS"]
[Date "2009.12.29"]
[Round "9"]
[White "Bodnaruk,A"]
[Black "Romanko,M"]
[Result "1-0"]
[WhiteElo "2372"]
[BlackElo "2449"]

1.e4 c5 2.Nf3 d6 3.d4 cxd4 4.Nxd4 Nf6 5.Nc3 a6 6.Be3 Ng4 7.Bg5 h6 8.Bh4 g5
9.Bg3 Bg7 10.Be2 Ne5 11.Nf5 Bxf5 12.exf5 Nbd7 13.h4 Rc8 14.hxg5 hxg5 15.Rxh8+ Bxh8
16.Nd5 Nc5 17.c3 Kf8 18.Kf1 Bf6 19.Nxf6 exf6 20.f3 b5 21.b3 Kg7 22.Bf2 Qd7
23.Qc2 b4 24.c4 Rh8 25.Kg1 Qc7 26.Rd1 Qb8 27.Qd2 Nb7 28.f4 gxf4 29.Qxf4 a5
30.Rd5 Qc7 31.Bd4 Kf8 32.Qe3 Rh4 33.g3 Rxd4 34.Rxd4 Nc5 35.Rh4 Ke7 36.Rh8 Qb7
37.Rh4 Qa8 38.Rd4 Qc8 39.g4 Qc6 40.g5 fxg5 41.Qxg5+ Kd7 42.Qf6 Kc7 43.Rd5 Ncd7
44.Qe7 f6 45.Bh5 a4 46.Be8 a3 47.Kf2  1-0

[Event "Pan-American Intercollegiate"]
[Site "South Padre Island USA"]
[Date "2009.12.29"]
[Round "4"]
[White "Erenburg,S"]
[Black "Ludwig,Dan"]
[Result "1-0"]
[WhiteElo "2579"]
[BlackElo "2461"]

1.e4 c5 2.Nf3 d6 3.d4 cxd4 4.Nxd4 Nf6 5.Nc3 a6 6.Be3 e6 7.f3 b5 8.Qd2 Nbd7
9.g4 Nb6 10.a4 Nc4 11.Bxc4 bxc4 12.a5 Bb7 13.Na4 Rc8 14.Nb6 Rc7 15.g5 Nd7
16.Ne2 Be7 17.O-O-O O-O 18.Rhg1 Qe8 19.Nc3 Nxb6 20.axb6 Rd7 21.f4 f5 22.gxf6 Bxf6
23.e5 Be7 24.exd6 Bxd6 25.Qe2 Bd5 26.Kb1 Rf5 27.Bd4 g6 28.Nxd5 Rxd5 29.Bc3 Bc5
30.Rxd5 Rxd5 31.b7 Kf7 32.Re1 Bd6 33.Qxc4 Qd7 34.Qc8 Bxf4 35.Qxd7+ Rxd7 36.Rf1 Rxb7
37.Rxf4+ Ke7 38.Bb4+ Ke8 39.Rf8+ Kd7 40.Rf7+  1-0

[Event "Christamas Open Masters"]
[Site "Zurich SUI"]
[Date "2009.12.29"]
[Round "6"]
[White "Klauser,M"]
[Black "Schaerer,J"]
[Result "1-0"]
[WhiteElo "2381"]
[BlackElo "1993"]

1.e4 c5 2.Nf3 d6 3.d4 cxd4 4.Nxd4 Nf6 5.Nc3 a6 6.Be3 e6 7.a4 b6 8.a5 Nbd7
9.axb6 Nxb6 10.Be2 Qc7 11.Nb3 Nfd7 12.Qd4 Nc5 13.Nxc5 dxc5 14.Qd2 Be7 15.Bf4 Qc6
16.Qe3 Bb7 17.Qg3 O-O 18.Bh6 Bf6 19.Bf3 Qc8 20.e5 Bxe5 21.Qxe5 gxh6 22.Qf6 Nd5
23.Qxh6 Nxc3 24.Qg5+ Kh8 25.Qf6+ Kg8 26.bxc3 Qc7 27.h4 h6 28.Qxh6 Qe5+ 29.Kf1 Bxf3
30.gxf3 f5 31.Rg1+ Kf7 32.Qh7+ Ke8 33.Rg7 Qf6 34.Rd1 Rf7 35.Qg8+ Rf8 36.Qh7 Rf7
37.Qh8+ Rf8 38.Qh5+ Rf7 39.Rg8+  1-0

[Event "26th Open"]
[Site "Boeblingen GER"]
[Date "2009.12.30"]
[Round "8"]
[White "Heinz,A"]
[Black "Borovikov,V"]
[Result "1/2-1/2"]
[WhiteElo "2436"]
[BlackElo "2585"]

1.e4 c5 2.Nf3 d6 3.d4 cxd4 4.Nxd4 Nf6 5.Nc3 a6 6.Be3 e5 7.Nde2 Be7 8.Ng3 O-O
9.Be2 Be6 10.O-O Nbd7 11.Nf5 Bxf5 12.exf5 b5 13.a3 Rc8 14.Bf3 h6 15.Rc1 Qc7
16.Qd3 Rfe8 17.Bd5 Nc5 18.Bxc5 dxc5 19.Be4 Rcd8 20.Qf3 Rd4  1/2-1/2

[Event "World Chess Open"]
[Site "Leon ESP"]
[Date "2010.01.02"]
[Round "6"]
[White "Salgado Lopez,I"]
[Black "Pena Gomez,M"]
[Result "1-0"]
[WhiteElo "2584"]
[BlackElo "2432"]

1.e4 c5 2.Nf3 d6 3.d4 cxd4 4.Nxd4 Nf6 5.Nc3 a6 6.Be3 e5 7.Nf3 Be7 8.Bc4 Qc7
9.Bb3 O-O 10.O-O Nc6 11.Nd5 Nxd5 12.Bxd5 Bg4 13.c3 Rad8 14.h3 Be6 15.Qb3 Qc8
16.Bb6 Rde8 17.Rad1 Kh8 18.Nd2 Bxd5 19.Qxd5 Nb8 20.Nc4 Nd7 21.Qd3 Qc6 22.Be3 Rd8
23.f3 b5 24.Nd2 Nc5 25.Qd5 Qxd5 26.exd5 Nd3 27.Rb1 Rc8 28.Rfd1 Nc5 29.c4 b4
30.a3 bxa3 31.bxa3 Bd8 32.Rdc1 f5 33.Rc2 Kg8 34.Kf1 Nd7 35.Ke2 Ba5 36.Nb3 Bb6
37.Bxb6 Nxb6 38.Kd3 Rb8 39.Nd2 Na4 40.Rb4 Nc5+ 41.Ke3 a5 42.Rb5 Rxb5 43.cxb5 Rb8
44.Nc4 Rxb5 45.Nxd6 Rb3+ 46.Ke2 Nd7 47.Rc8+ Nf8 48.Nxf5 g6 49.Nh6+ Kg7 50.Ng4 Rb5
51.Rc7+  1-0

[Event "15th Open"]
[Site "Bosnjaci CRO"]
[Date "2010.01.04"]
[Round "2"]
[White "Sulc,Da"]
[Black "Potlimbrzovic,Z"]
[Result "1-0"]
[WhiteElo "2270"]
[BlackElo "2052"]

1.e4 c5 2.Nf3 d6 3.d4 cxd4 4.Nxd4 Nf6 5.Nc3 a6 6.Be3 e6 7.f3 Be7 8.Qd2 O-O
9.g4 b5 10.g5 Nh5 11.O-O-O Bb7 12.Bd3 Nc6 13.Nxc6 Bxc6 14.Ne2 e5 15.Ng3 Nf4
16.Bxf4 exf4 17.Nf5 g6 18.Nh6+ Kg7 19.Qc3+ f6 20.Qxc6 fxg5 21.Ng4 h5 22.Nf2 Bf6
23.e5 Bxe5 24.Ne4 Qa5 25.Qd5 Qb4 26.c3 Rac8 27.Kb1 Bxc3 28.Nxc3 Rxc3 29.Bxg6 Rc5
30.Qd3 Kh6 31.a3 Qc4 32.Qxd6  1-0

[Event "15th Open"]
[Site "Bosnjaci CRO"]
[Date "2010.01.08"]
[Round "8"]
[White "Velchev,H"]
[Black "Kadric,D"]
[Result "1-0"]
[WhiteElo "2298"]
[BlackElo "2179"]

1.e4 c5 2.Nf3 d6 3.d4 cxd4 4.Nxd4 Nf6 5.Nc3 a6 6.Be3 e5 7.Nb3 Be6 8.f4 Qc7
9.f5 Bc4 10.Qf3 b5 11.Bxc4 Qxc4 12.O-O-O b4 13.Nd2 Qc7 14.Nd5 Nxd5 15.exd5 Be7
16.Ne4 Nd7 17.g4 Rc8 18.Rd2 Nf6 19.Nxf6+ Bxf6 20.g5 Bd8 21.f6 g6 22.h4 a5
23.h5 O-O 24.Qh3 a4 25.Rdh2 b3 26.hxg6 fxg6 27.Qxh7+ Qxh7 28.Rxh7 Rxc2+ 29.Kb1 Rc7
30.Rh8+ Kf7 31.Rxf8+ Kxf8 32.Rh8+  1-0